[Event "West Australia-ch op"]
[Site "Perth"]
[Date "2016.07.10"]
[Round "3"]
[White "Yap, Ignatius"]
[Black "Maris, Natalie A"]
[Result "1-0"]
[WhiteElo "1628"]
[BlackElo "1522"]
[PlyCount "81"]
[EventDate "2016.06.26"]
[EventType "swiss"]
[EventRounds "7"]
[EventCountry "AUS"]
[SourceTitle "EXT 2018"]
[Source "ChessBase"]
[SourceDate "2017.10.13"]
[SourceVersion "1"]
[SourceVersionDate "2017.10.13"]
[SourceQuality "1"]

1. e4 b6 2. d4 e6 3. Nc3 Bb7 4. f3 c5 5. Be3 cxd4 6. Bxd4 Nc6 7. Be3 Nf6 8. Bc4 d6 9. Nge2 Be7 10. 0-0 0-0 11. Qd2 a6 12. a3 Qc7 13. Ba2 b5 14. Nf4 Rfe8 15. Rfd1 Ne5 16. Qf2 Nc4 17. Bxc4 Qxc4 18. Nd3 a5 19. Bd4 Rec8 20. Rdc1 Ra6 21. a4 b4 22. Nb5 e5 23. b3 Qe6 24. Be3 Nd7 25. Nb2 d5 26. exd5 Bxd5 27. Rd1 Bc5 28. Bxc5 Nxc5 29. Qd2 Bc6 30. Nc7 Rxc7 31. Qd8+ Be8 32. Qxc7 Nd7 33. Nc4 Qc6 34. Qxc6 Rxc6 35. Rd6 Rxd6 36. Nxd6 Kf8 37. Nc4 f6 38. Nxa5 Bg6 39. Ra2 Nc5 40. Kf2 Ke7 41. Nc6+ 1-0

[Event "Perth Metro CC-chB"]
[Site "Perth"]
[Date "2006.04.27"]
[Round "11"]
[White "Maris, Natalie A"]
[Black "Humphries, Ryan"]
[Result "1-0"]
[WhiteElo "1700"]
[BlackElo "1555"]
[PlyCount "97"]
[EventDate "2006.02.02"]
[EventType "tourn"]
[EventRounds "11"]
[EventCountry "AUS"]
[SourceTitle "EXT 2010"]
[Source "ChessBase"]
[SourceDate "2010.11.25"]
[SourceVersion "1"]
[SourceVersionDate "2010.11.25"]
[SourceQuality "1"]

1. e4 c5 2. d4 cxd4 3. c3 Nf6 4. e5 Nd5 5. Nf3 b6 6. Bc4 Bb7 7. cxd4 e6 8. 0-0 Be7 9. Qe2 Qc7 10. Bd2 0-0 11. Rc1 Rc8 12. Na3 Qd8 13. Nb5 d6 14. Bxd5 Rxc1+ 15. Rxc1 exd5 16. Nc7 Nc6 17. Nxa8 Bxa8 18. e6 Bf6 19. exf7+ Kxf7 20. Bc3 Qd7 21. Re1 Bb7 22. Qd3 h6 23. a4 Nd8 24. a5 b5 25. b4 a6 26. h3 Ne6 27. Qf5 Qc8 28. Nh4 Qd7 29. Qg6+ Kg8 30. Nf5 Kf8 31. g3 Bc8 32. Bb2 Ng5 33. Kg2 Nf7 34. g4 Ng5 35. Nxd6 Ne6 36. Qh7 Qxd6 37. Qh8+ Kf7 38. Qxc8 Be7 39. Re3 Nf4+ 40. Kf1 Qxb4 41. Qf5+ Bf6 42. Qxf4 Qxb2 43. Qc7+ Kg6 44. Qc6 Qxd4 45. Qxa6 Qd1+ 46. Kg2 d4 47. Rf3 Qe2 48. Qd6 Qd2 49. a6 1-0

[Event "Perth Metro CC-chB"]
[Site "Perth"]
[Date "2006.04.06"]
[Round "9"]
[White "Maris, Natalie A"]
[Black "Lubtschenko, Wally"]
[Result "1/2-1/2"]
[WhiteElo "1700"]
[BlackElo "1684"]
[PlyCount "64"]
[EventDate "2006.02.02"]
[EventType "tourn"]
[EventRounds "11"]
[EventCountry "AUS"]
[SourceTitle "EXT 2010"]
[Source "ChessBase"]
[SourceDate "2010.11.25"]
[SourceVersion "1"]
[SourceVersionDate "2010.11.25"]
[SourceQuality "1"]

1. e4 b6 2. d4 Bb7 3. Nc3 Nf6 4. e5 Nd5 5. Nxd5 Bxd5 6. Nf3 e6 7. Be2 c5 8. c4 Bb7 9. d5 exd5 10. cxd5 Na6 11. 0-0 g6 12. Bc4 Nc7 13. a4 Bg7 14. Bg5 Qc8 15. Qd2 0-0 16. Rfe1 Re8 17. Rad1 a6 18. d6 Bxf3 19. gxf3 Ne6 20. Bh6 Nd4 21. Qf4 Bxh6 22. Bxf7+ Kh8 23. Qxh6 Rxe5 24. Rxe5 Nxf3+ 25. Kf1 Nxe5 26. Bd5 Qf8 27. Qg5 Qxd6 28. Bb3 Nf3 29. Rxd6 Nxg5 30. Rxd7 Rb8 31. Bd5 Nh3 32. Bc6 Nf4 1/2-1/2

[Event "Perth Metro CC-chB"]
[Site "Perth"]
[Date "2006.03.30"]
[Round "8"]
[White "Massey, R."]
[Black "Maris, Natalie A"]
[Result "0-1"]
[WhiteElo "1601"]
[BlackElo "1700"]
[PlyCount "70"]
[EventDate "2006.02.02"]
[EventType "tourn"]
[EventRounds "11"]
[EventCountry "AUS"]
[SourceTitle "EXT 2010"]
[Source "ChessBase"]
[SourceDate "2010.11.25"]
[SourceVersion "1"]
[SourceVersionDate "2010.11.25"]
[SourceQuality "1"]

1. Nf3 Nf6 2. c4 e6 3. Nc3 c5 4. e4 Nc6 5. d4 cxd4 6. Nxd4 Bb4 7. Nxc6 Bxc3+ 8. bxc3 bxc6 9. Bd3 Qa5 10. Qc2 0-0 11. 0-0 Ba6 12. a4 Rfd8 13. Bf4 d6 14. h3 Rab8 15. Be3 Rb7 16. Rab1 c5 17. Rxb7 Bxb7 18. Rb1 Bc6 19. Bg5 e5 20. Qc1 Kf8 21. Rb2 Qxa4 22. Qb1 Qa5 23. Qc1 Rc8 24. Rb1 Nxe4 25. Bxe4 Bxe4 26. Rb5 Qc7 27. Qe3 Bf5 28. Qf3 Be6 29. Rb7 Qa5 30. Be7+ Ke8 31. Bxd6 Qa3 32. Re7+ Kd8 33. Qd1 Bd7 34. Bxc5 Qa4 35. Rxe5 Qxd1+ 0-1

[Event "Perth Metro CC-chB"]
[Site "Perth"]
[Date "2006.03.16"]
[Round "6"]
[White "Jahangirian, Mohammad"]
[Black "Maris, Natalie A"]
[Result "1/2-1/2"]
[WhiteElo "1644"]
[BlackElo "1700"]
[PlyCount "164"]
[EventDate "2006.02.02"]
[EventType "tourn"]
[EventRounds "11"]
[EventCountry "AUS"]
[SourceTitle "EXT 2010"]
[Source "ChessBase"]
[SourceDate "2010.11.25"]
[SourceVersion "1"]
[SourceVersionDate "2010.11.25"]
[SourceQuality "1"]

1. e4 d5 2. exd5 Qxd5 3. Nc3 Qa5 4. Nf3 Nf6 5. Bc4 Bf5 6. d3 Bg6 7. Bd2 Qh5 8. Bf4 c6 9. Qd2 Nbd7 10. Bg3 e6 11. Ne2 Qc5 12. Bb3 b5 13. h3 Be7 14. Bf4 Qb6 15. 0-0 0-0 16. Nh4 Bh5 17. Bg3 Rfd8 18. Nc3 Nc5 19. Qe1 a5 20. a4 Nxb3 21. cxb3 Rxd3 22. Kh1 b4 23. Ne4 Rxb3 24. Rb1 Rd8 25. f3 h6 26. Bf2 c5 27. g4 Bg6 28. Nxg6 fxg6 29. Qe2 Rdd3 30. Bg1 Qc6 31. Nd2 Rxd2 32. Qxd2 Nd5 33. Qc2 c4 34. Qe4 Bf6 35. Bd4 Bxd4 36. Qxd4 Ne3 37. Rf2 Qxa4 38. Re1 Rd3 39. Qe4 Nc2 40. Qxe6+ Kh7 41. Rc1 b3 42. Kg2 Qb4 43. Re2 a4 44. h4 a3 45. h5 Rd8 46. hxg6+ Kh8 47. Qe8+ Qf8 48. Qxf8+ Rxf8 49. bxa3 Nxa3 50. Ra1 Nb5 51. Ra5 Nc3 52. Rb2 Nd1 53. Rb1 Ne3+ 54. Kf2 Nxg4+ 55. Kg3 Ne3 56. Rc5 Kg8 57. Kf2 Ng4+ 58. Ke2 Re8+ 59. Kd2 Ne5 60. f4 Nxg6 61. Rxc4 Ra8 62. Kc3 Rf8 63. Rf1 Ne7 64. Kxb3 Nd5 65. Re4 g5 66. f5 Kg7 67. Kc4 Nf4 68. Re5 Kf6 69. Kd4 Rd8+ 70. Ke4 Ra8 71. Rd1 Ra4+ 72. Rd4 Rxd4+ 73. Kxd4 h5 74. Ke4 h4 75. Ra5 h3 76. Ra6+ Kf7 77. Ra2 Ng2 78. Kf3 Kf6 79. Kg3 Kxf5 80. Kxh3 Ne3 81. Ra5+ Kf4 82. Rxg5 Kxg5 1/2-1/2

[Event "Perth Respini-B"]
[Site "Perth"]
[Date "2005.09.01"]
[Round "1"]
[White "Maris, Natalie A"]
[Black "Shaw, Robin A"]
[Result "1/2-1/2"]
[WhiteElo "1644"]
[BlackElo "1653"]
[PlyCount "118"]
[EventDate "2005.09.01"]
[EventType "tourn"]
[EventRounds "9"]
[EventCountry "AUS"]
[SourceTitle "EXT 2010"]
[Source "ChessBase"]
[SourceDate "2010.11.25"]
[SourceVersion "1"]
[SourceVersionDate "2010.11.25"]
[SourceQuality "1"]

1. e4 Nf6 2. e5 Nd5 3. c4 Nb6 4. Nc3 c5 5. Nf3 Nc6 6. Bd3 d5 7. exd6 exd6 8. 0-0 Bg4 9. Re1+ Be7 10. b3 Qd7 11. Be4 Ne5 12. Nxe5 dxe5 13. f3 Be6 14. Bb2 Bf6 15. Bc2 Rd8 16. Ne4 Qe7 17. Ba3 Nd7 18. Rb1 g6 19. Qe2 Bg7 20. b4 b6 21. Ba4 0-0 22. Bxd7 Qxd7 23. bxc5 Qd4+ 24. Qe3 Qxc4 25. Nd6 Qd4 26. Qxd4 exd4 27. cxb6 axb6 28. Nb5 Rfe8 29. Nc7 Bxa2 30. Rxe8+ Rxe8 31. Nxe8 Bxb1 32. Nxg7 Kxg7 33. Bb2 b5 34. Bxd4+ f6 35. Bc3 Bd3 36. Kf2 Kf7 37. Ke3 Bc4 38. Kd4 Bf1 39. g3 Ke6 40. Kc5 Bd3 41. f4 f5 42. Kd4 Bf1 43. Bb4 Be2 44. Ke3 Bf1 45. Kd4 Be2 46. Kc5 Bd3 47. h3 h6 48. g4 fxg4 49. hxg4 h5 50. gxh5 gxh5 51. Kd4 Bc4 52. d3 h4 53. Be1 h3 54. Bg3 Bb3 55. Kc5 Bc2 56. d4 Be4 57. Bh2 b4 58. Kxb4 Kd5 59. Kc3 Bf5 1/2-1/2

[Event "West Australia-ch"]
[Site "South Perth"]
[Date "2005.07.31"]
[Round "5"]
[White "Maris, Natalie A"]
[Black "Dunlop, Gordon"]
[Result "0-1"]
[WhiteElo "1669"]
[BlackElo "1825"]
[PlyCount "96"]
[EventDate "2005.07.03"]
[EventType "swiss"]
[EventRounds "9"]
[EventCountry "AUS"]
[SourceTitle "EXT 2009"]
[Source "ChessBase"]
[SourceDate "2008.11.26"]
[SourceVersion "1"]
[SourceVersionDate "2008.11.26"]
[SourceQuality "1"]

1. e4 e6 2. Nf3 b6 3. d4 Bb7 4. Nc3 c5 5. d5 exd5 6. exd5 d6 7. Bb5+ Nd7 8. 0-0 a6 9. Re1+ Be7 10. Bd3 Ngf6 11. Bf5 0-0 12. a3 b5 13. b4 Nb6 14. Bg5 Nbxd5 15. Nxd5 Nxd5 16. Bxe7 Nxe7 17. Bg4 Nd5 18. bxc5 dxc5 19. Qd2 Nf6 20. Qg5 Nxg4 21. Qxg4 Re8 22. c4 Rxe1+ 23. Rxe1 Qd6 24. cxb5 axb5 25. h3 Rd8 26. Nh4 Bc8 27. Nf5 Bxf5 28. Qxf5 g6 29. Qg5 Kg7 30. Rc1 f5 31. Rb1 Re8 32. g3 c4 33. Qc1 Qe5 34. Qc2 Rd8 35. a4 bxa4 36. Qxa4 Qc7 37. Qa6 Rd7 38. Rc1 c3 39. Qa1 Rd3 40. Kf1 Qc4 41. Kg1 Qd4 42. Kg2 Kh6 43. Qa3 Rd2 44. Qf8+ Kh5 45. Rf1 c2 46. g4+ fxg4 47. hxg4+ Qxg4+ 48. Kh2 Qf5 0-1